000 00777nam a2200217 a 4500
008 120416s1993 ||||||||||||||||| || u
020 _a0745307000
050 _aGN 495.6 Eri
100 _aEriksen, Thomas Hylland
245 1 0 _aEthnicity and nationalism : anthropological perspectives
260 _aLondon
_bPluto Press
_c1993
300 _aix, 179p. : ill.
350 _a0.00
490 _aAnthropology, culture, and society
500 _aIncludes bibliographical references (p. 163-173) and index.
650 _aANTHROPOLOGY
650 _aETHNICITY
650 _aNATIONALISM
650 _aETHNIC GROUPS
995 _D0.00
_FCBU-MAIN LIBRARY (Kitwe)
_H1
_I25.00
_M1
_UAVAILABLE
_ZMain Library Open Access Collection
999 _c42538
_d42538